Communicating by satellite : report of the Twentieth Century Fund Task Force on International Satellite Communications
Spremljeno u:
| Glavni autor: | |
|---|---|
| Format: | Knjiga |
| Jezik: | Undetermined |
| Izdano: |
New York
Twentieth Century Fund Task Force
1969
|
| Teme: | |
| Oznake: |
Dodaj oznaku
Bez oznaka, Budi prvi tko označuje ovaj zapis!
|
| Thư viện lưu trữ: | Trung tâm Học liệu Trường Đại học Cần Thơ |
|---|
| LEADER | 00621nam a2200193Ia 4500 | ||
|---|---|---|---|
| 001 | CTU_98922 | ||
| 008 | 210402s9999 xx 000 0 und d | ||
| 082 | |a 384.5 | ||
| 082 | |b L345 | ||
| 100 | |a Laskin, Paul L. | ||
| 245 | 0 | |a Communicating by satellite : | |
| 245 | 0 | |b report of the Twentieth Century Fund Task Force on International Satellite Communications | |
| 245 | 0 | |c Paul L. Laskin | |
| 260 | |a New York | ||
| 260 | |b Twentieth Century Fund Task Force | ||
| 260 | |c 1969 | ||
| 650 | |a Artificial satellites in telecommunication | ||
| 904 | |i Hiếu | ||
| 980 | |a Trung tâm Học liệu Trường Đại học Cần Thơ | ||